=LDR 00000nam 2200000 4500 =001 INLIS00000000000022 =005 20260702043538 =020 ##$$a 978-623-6153-71-0 =082 ##$$a 026.445 =100 1#$$a Ahmad, Nazarul =245 1 $$a Budidaya Belimbing Wuluh /$c Nazarul Ahmad =300 ##$$a viii+92 ; 14,8 x 21 cm